000 00234 a2200085 4500
020 _a ‎9788496954472
100 _aJose Luis Mateo and Ramias Steinemann
245 _aGlobal Housing Projects Since 1980: v. 4
260 _bActarD Inc
_c2008
999 _c13533
_d13533